Trafficking in Persons in Latin America and the Caribbean.

Describes nature and scope of trafficking in persons in Latin America and the Caribbean for sexual exploitation or forced labor. Reviews U.S. efforts to deal with trafficking in persons in the region, and the successes and failures of some recent country and regional anti-trafficking efforts. Raises...

Full description

Bibliographic Details
Corporate Authors: Library of Congress. Congressional Research Service, ProQuest (Firm)
Format: eBook
Language:English
Published: [Place of publication not identified] : [publisher not identified], 2007.
Series:U.S. Congressional Research.
Subjects:
Online Access:Connect to the full text of this electronic book

MARC

Tag First Indicator Second Indicator Subfields
LEADER 00000cam a22000001a 4500
001 in00003332011
006 m d f
007 cr bn mmmapmmp
008 101214s2007 dcu o f000 0 eng d
005 20260430195656.7
035 |a cis2007859243 
040 |a ProQuest  |c ProQuest  |d UtOrBLW 
043 |a n-us--- 
099 |a CRS-2007-FDT-0014 
110 2 |a Library of Congress.  |b Congressional Research Service. 
245 1 0 |a Trafficking in Persons in Latin America and the Caribbean. 
264 1 |a [Place of publication not identified] :  |b [publisher not identified],  |c 2007. 
300 |a 1 online resource. 
336 |a text  |b txt  |2 rdacontent 
337 |a computer  |b c  |2 rdamedia 
338 |a online resource  |b cr  |2 rdacarrier 
500 |a Record is based on bibliographic data in ProQuest U.S. Congressional Research Digital Collection (last viewed Dec. 2010). Reuse except for individual research requires license from ProQuest, LLC. 
500 |a CRS Report. 
520 |a Describes nature and scope of trafficking in persons in Latin America and the Caribbean for sexual exploitation or forced labor. Reviews U.S. efforts to deal with trafficking in persons in the region, and the successes and failures of some recent country and regional anti-trafficking efforts. Raises several issues for policy consideration that may be helpful as Congress continues to address human trafficking as part of its authorization, appropriations, and oversight activities. 
500 |a Electronic resource. 
650 0 |a Forced labor. 
650 0 |a Prostitution. 
651 0 |a Latin America. 
655 7 |a Electronic books.  |2 local 
710 2 |a ProQuest (Firm) 
776 0 8 |i Microfiche version:   |a Library of Congress. Congressional Research Service.  |t Trafficking in Persons in Latin America and the Caribbean 
830 0 |a U.S. Congressional Research. 
856 4 0 |u http://proxy.library.tamu.edu/login?url=https://congressional.proquest.com/congcomp/getdoc?CRDC-ID=CRS-2007-FDT-0014  |z Connect to the full text of this electronic book  |t 0 
999 |a MARS 
999 f f |s 1b72d198-81ae-3452-87c0-cb026567c80d  |i 9f012386-1393-38f2-9d7e-08e64227696e  |t 0 
952 f f |a Texas A&M University  |b College Station  |c Electronic Resources  |s www_evans  |d Available Online  |t 0  |e CRS-2007-FDT-0014  |h Other scheme 
998 f f |a CRS-2007-FDT-0014  |t 0  |l Available Online